书目信息 |
| 题名: |
图解易筋经, 洗髓经
|
|
| 作者: | 张彩山 编著 | |
| 分册: | ||
| 出版信息: | 天津 天津科学技术出版社 2022.06 |
|
| 页数: | 344页 | |
| 开本: | 24cm | |
| 丛书名: | ||
| 单 册: | ||
| 中图分类: | G852.6-64 , R214-64 | |
| 科图分类: | ||
| 主题词: | 易筋经 (古代体育)--yi jin jing ( gu dai ti yu )--图解 , 气功--qi gong--养生 (中医)--图解 | |
| 电子资源: | ||
| ISBN: | 978-7-5308-9485-9 | |
| 000 | 01031nam0 2200289 450 | |
| 001 | 012001000546 | |
| 005 | 20140131152103.0 | |
| 010 | @a978-7-5308-9485-9@dCNY68.00 | |
| 099 | @aCAL 012015061105 | |
| 100 | @a20220905d2015 em y0chiy50 ea | |
| 101 | 0 | @achi |
| 102 | @aCN@b120000 | |
| 105 | @aa z 000yy | |
| 106 | @ar | |
| 200 | 1 | @a图解易筋经, 洗髓经@Atu jie yi jin jing , xi sui jing@f张彩山编著 |
| 205 | @a全方位美绘版 | |
| 210 | @a天津@c天津科学技术出版社@d2022.06 | |
| 215 | @a344页@c图@d24cm | |
| 330 | @a本书介绍一种健身的好方法, 此功使神、体、气三者, 即人的精神、形体和气息有效地结合起来, 经过循序渐进、持之以恒的锻炼, 从而使五脏六腑、十二经脉等得到充分的调理。 | |
| 517 | 1 | @a易筋经, 洗髓经@Ayi jin jing , xi sui jing |
| 606 | 0 | @a易筋经 (古代体育)@Ayi jin jing ( gu dai ti yu )@j图解 |
| 606 | 0 | @a气功@Aqi gong@x养生 (中医)@j图解 |
| 690 | @aG852.6-64@v5 | |
| 690 | @aR214-64@v5 | |
| 701 | 0 | @a张彩山@Azhang cai shan@4编著 |
| 801 | 0 | @aCN@bAHXH@c20221111 |
| 905 | @b1364591-5@dG852.6-64@e551@f5 | |
| 图解易筋经, 洗髓经/张彩山编著.-全方位美绘版.-天津:天津科学技术出版社,2022.06 |
| 344页:图;24cm |
| ISBN 978-7-5308-9485-9:CNY68.00 |
| 本书介绍一种健身的好方法, 此功使神、体、气三者, 即人的精神、形体和气息有效地结合起来, 经过循序渐进、持之以恒的锻炼, 从而使五脏六腑、十二经脉等得到充分的调理。 |
| ● |
| 相关链接 |
|
|
|
|
正题名:图解易筋经, 洗髓经
索取号:G852.6-64/551
 
预约/预借
| 序号 | 登录号 | 条形码 | 馆藏地/架位号 | 状态 | 备注 |
| 1 | 1364591 | 213645910 | 第一样本阅览室/ [索取号:G852.6-64/551] | 在馆 | |
| 2 | 1364592 | 213645929 | 教育系资料室/ [索取号:G852.6-64/551] | 在馆 | |
| 3 | 1364593 | 213645938 | 教育系资料室/ [索取号:G852.6-64/551] | 在馆 | |
| 4 | 1364594 | 213645947 | 第四借阅区/ [索取号:G852.6-64/551] | 在馆 | |
| 5 | 1364595 | 213645956 | 第四借阅区/ [索取号:G852.6-64/551] | 在馆 |